MARXISMO y sociología (Record no. 27328)
[ view plain ]
| 000 -CABECERA | |
|---|---|
| campo de control de longitud fija | 00411cam a22001812a 4500 |
| 001 - NÚMERO DE CONTROL | |
| campo de control | 021620 |
| 003 - IDENTIFICADOR DEL NÚMERO DE CONTROL | |
| campo de control | AR-FADEU |
| 008 - DATOS DE LONGITUD FIJA--INFORMACIÓN GENERAL | |
| campo de control de longitud fija | 311216n1964####xxu####################dd |
| 092 ## - ASIGNACIÓN LOCAL DE SIGNATURA TOPOGRÁFICA DEWEY (OCLC) | |
| Número de clasificación | 320.532 2 |
| Número de documento/Ítem | M298 |
| Característica del encabezamiento | JLS |
| 245 ## - MENCIÓN DE TÍTULO | |
| Título | MARXISMO y sociología |
| 260 ## - PUBLICACIÓN, DISTRIBUCIÓN, ETC. (PIE DE IMPRENTA) | |
| Lugar de publicación, distribución, etc. | Buenos Aires |
| 260 ## - PUBLICACIÓN, DISTRIBUCIÓN, ETC. (PIE DE IMPRENTA) | |
| Nombre del editor, distribuidor, etc. | Jorge Alvarez |
| 260 ## - PUBLICACIÓN, DISTRIBUCIÓN, ETC. (PIE DE IMPRENTA) | |
| Fecha de publicación, distribución, etc. | 1964 |
| 300 ## - DESCRIPCIÓN FÍSICA | |
| Extensión | 182 p |
| 650 ## - PUNTO DE ACCESO ADICIONAL DE MATERIA--TÉRMINO DE MATERIA | |
| Término de materia o nombre geográfico como elemento inicial | MARSISMO/JLS/ |
| 700 ## - PUNTO DE ACCESO ADICIONAL--NOMBRE DE PERSONA | |
| Nombre de persona | Edgar, Morin |
| 942 ## - ELEMENTOS DE PUNTO DE ACCESO ADICIONAL (KOHA) | |
| Tipo de ítem Koha | JLS |
| Estado de retiro | Estado de pérdida | Estado dañado | No para préstamo | Código de colección | Localización permanente | Ubicación/localización actual | Ubicación en estantería | Fecha de adquisición | Número de inventario | Total de préstamos | Signatura topográfica completa | Código de barras | Fecha visto por última vez | Precio válido a partir de | Tipo de ítem Koha |
|---|---|---|---|---|---|---|---|---|---|---|---|---|---|---|---|
| Julio La Sala | Biblioteca Ernesto Sabato - FADECS - UNCOMA | Biblioteca Ernesto Sabato - FADECS - UNCOMA | 22/02/2017 | 19056 | 320.532 2 M298 | 19056 | 22/02/2017 | 22/02/2017 | JLS |